000 00476nam a2200193 a 4500
001 1767946524003
003 YourLibrary
005 20260110115633.0
008 260109s2005##################000#0#eng##
020 _a9780521843942
082 0 4 _a302.14094
_bSTJ
100 1 _aStjernø, Steinar,
_eauthor.
245 1 0 _aSolidarity in Europe :
260 _c2005.
300 _a392 pages
650 0 _aHistory.
942 _cENGLISH
040 _aYourLibrary
_beng
_cYourLibrary
999 _c608074
_d608074